Normal view
MARC view
- Hoyle, Fred,
Entry Personal Name
001 - CONTROL NUMBER
- control field: 90327
003 - CONTROL NUMBER IDENTIFIER
- control field: NUST
005 - DATE AND TIME OF LATEST TRANSACTION
- control field: 20220306112447.0
008 - FIXED-LENGTH DATA ELEMENTS
- fixed length control field: 220306|| aca||aabn | a|a d
040 ## - CATALOGING SOURCE
- Original cataloging agency: NUST
- Transcribing agency: NUST
100 ## - HEADING--PERSONAL NAME
- Personal name: Hoyle, Fred,
- Dates associated with a name: 1915-2001
670 ## - SOURCE DATA FOUND
- Source citation: Work cat.: (NUST)0: Hoyle, Fred, 1915-2001., The black cloud /, 1957.
